Logo BPK

Biblioteka

Politechniki Koszalińskiej

3D Studio MAX 3 f/x : (Rekord nr 39146)

Szczegóły MARC
000 -ETYKIETA REKORDU
podpole kontrolne o stałej długości 00649nam a2200217 i 4500
001 - NUMER KONTROLNY REKORDU
pole kontrolne bg
020 ## - MIĘDZYNARODOWY ZNORMALIZOWANY NUMER KSIĄŻKI - ISBN
ISBN 8371972695
040 ## - ŹRÓDŁO KATALOGOWANIA
Instytucja, która utworzyła rekord BPK
041 1# - KOD JĘZYKA
Kod języka tekstu pl
Kod języka oryginału en
080 ## - UNIWERSALNA KLASYFIKACJA DZIESIĘTNA - UKD
UKD 004.42:004.4'27](07)
920 ## - Międzynarodowy znormalizowany numer książki – ISBN
ISBN 83-7197-269-5
008 - POLE O STAŁEJ DŁUGOŚCI - DANE KONTROLNE
podpole kontrolne o stałej długości s pl f |000 0 pol
100 1# - NAZWA OSOBOWA
Nazwa osobowa BELL, Jon A.
Daty związane z nazwą (1961- )
245 10 - TYTUŁ/ODPOWIEDZIALNOŚĆ
Tytuł 3D Studio MAX 3 f/x :
Ciąg dalszy tytułu efekty specjalne /
Pozostałe elementy strefy tytułu i oznaczenia odpowiedzialności Jon A. Bell ; [tł. Wojciech Pazdur].
260 ## - STREFA ADRESU WYDAWNICZEGO
Miejsce wydania Gliwice :
Nazwa wydawcy/dystrybutora "Helion",
Data publikacji, dystrybucji/powstania dokumentu cop. 2000.
300 ## - STREFA OPISU FIZYCZNEGO
Objętość 429 s., [12] k.tabl.kolor. :
Inne cechy fizyczne fot. ;
Rozmiary 24 cm +
Dokument towarzyszący CD ROM.
650 #9 - HASŁO PRZEDMIOTOWE W FORMIE NAZWY OGÓLNEJ LUB JEDNOSTKOWEJ
Nazwa ogólna lub geograficzna 3D Studio
655 ## - TERMIN INDEKSOWY - OKREŚLENIE RODZAJU/FORMY DOKUMENTU
Określenie rodzaju/formy dokumentu Podręczniki
942 ## - DODATKOWE ELEMENTY (KOHA)
Typ dokumentu Książka
Egzemplarze
Wycofany Status egzemplarza Uszkodzony Dostępność Lokalizacja stała Lokalizacja bieżąca Miejsce przechowywania Sygnatura Kod kreskowy Typ dokumentu
      Dostępny Biblioteka Politechniki Koszalińskiej Biblioteka Politechniki Koszalińskiej Wypożyczalnia BG 58118 01542769 Książka
      Dostępny Biblioteka Politechniki Koszalińskiej Biblioteka Politechniki Koszalińskiej Wypożyczalnia BG 58119 01542752 Książka
© 2023 Biblioteka Politechniki Koszalińskiej :: KOHA